000 00871nam a2200277 i 4500
001 18507
003 ES-MaACL
005 20230906151845.0
007 t|
008 020128s1980 sp ||||0| spa j
016 7 _zSAB9000088074
020 _a84-7235-442-3
040 _aM-BN-DP
_bspa
_cM-BN-DP
080 _a830 Goethe, Johann Wolfgang von 1.06
100 1 _aTrías, Eugenio.
_9111368
245 1 0 _aConocer Goethe y su obra /
_cEugenio Trías.
250 _a[1ª ed.].
260 _aBarcelona :
_bDopesa,
_c1980.
300 _a128 p :
_bil ;
_c19 cm.
490 1 _aColección Conocer ;
_v35
504 _aBibliografía: p. 126-128.
600 1 4 _aGoethe, Johann Wolfgang von,
_d1749-1832-
_xCrítica e interpretación
_957571
830 0 _aColección Conocer ;
_v35
_9183371
852 _aES-MaACL
_jG-1276
_bR.130947
999 _c18507
_d18507